| 000 | 00345nam a2200145Ia 4500 | ||
|---|---|---|---|
| 008 | 150201s2000 xx 000 0 und d | ||
| 082 |
_a612.015 _bD2000B |
||
| 100 | _aDAS,DEBAJYOTI | ||
| 245 | _aBIOCHEMISTRY | ||
| 250 | _a10TH | ||
| 260 |
_bACADEMIC PUBLISHERS _aCALCUTTA _c2000 |
||
| 300 | _a1-778 | ||
| 650 | _aBIOCHEMISTRY | ||
| 942 |
_2ddc _cBK |
||
| 999 |
_c2552 _d2552 |
||